|
|
|
|
| LEADER |
01134nam a2200205 a 4500 |
| 001 |
GR-MES12369 |
| 008 |
070604s gr b 000 0 gre d |
| 020 |
|
|
|a 9602863021
|
| 040 |
|
|
|a GrPaTEI
|b gre
|c GR-PaULI
|
| 040 |
|
|
|a GrPaTEI
|b gre
|c GR-PaULI
|
| 100 |
0 |
|
|a Κορτέση -Δαφέρμου Χαρά
|
| 245 |
1 |
0 |
|a Γραπτός λόγος και σχολική εξέλιξη :
|b '' τα λάθη στο γραπτό λόγο και η σχολική εξέλιξη μαθητών με χαμηλή σχολική επίδραση στο γυμνάσιο '' /
|c Χαρά Κορτέση-Δαφέρμου.
|
| 260 |
|
|
|a Αθήνα :
|b 'Ελλην,
|c 1998
|
| 300 |
|
|
|a 242σ. ;
|c 24εκ.
|
| 504 |
|
|
|a περιέχει βιβλιογραφικές αναφορές
|
| 650 |
|
4 |
|a Φιλολογική εκπαίδευση ( στοιχειώδης)
|z Ελλάς
|
| 942 |
|
|
|2 ddc
|
| 952 |
|
|
|0 0
|1 0
|2 ddc
|4 0
|6 372_600000000000000_ΚΟΡ
|7 0
|9 271079
|a MSLG
|b MSLG
|c BSC
|d 2021-01-17
|e 24
|f 0
|g 0.00
|l 0
|o 372.6 ΚΟΡ
|p 2420000021844
|r 2021-01-17 00:00:00
|t 1
|w 2021-01-17
|y BK15
|x 20070604 0 1
|x GrPaTEI
|
| 971 |
|
|
|a .b2578416x
|b 15-04-20
|c 13-09-16
|
| 999 |
|
|
|c 156518
|d 156518
|